Duke has a tube : (Record no. 9546)

MARC details
000 -LEADER
fixed length control field 01286nam a22002897a 4500
001 - CONTROL NUMBER
control field 9546
003 - CONTROL NUMBER IDENTIFIER
control field FISKH
005 - DATE AND TIME OF LATEST TRANSACTION
control field 20260121095441.0
008 - FIXED-LENGTH DATA ELEMENTS--GENERAL INFORMATION
fixed length control field 260121b cb ||||| |||| 00| 0 eng d
020 ## - INTERNATIONAL STANDARD BOOK NUMBER
International Standard Book Number 1880892588
040 ## - CATALOGING SOURCE
Original cataloging agency FISKH
Language of cataloging eng
Transcribing agency FISKH
Modifying agency FISKH
050 ## - LIBRARY OF CONGRESS CALL NUMBER
Classification number PZ7
082 ## - DEWEY DECIMAL CLASSIFICATION NUMBER
Classification number 428.6
100 ## - MAIN ENTRY--PERSONAL NAME
Personal name Nichols, Yuriko
Relator term Author
245 ## - TITLE STATEMENT
Title Duke has a tube :
Remainder of title Successful reading for beginners /
Statement of responsibility, etc. Written by Yuriko Nichols ; illustrations by Ron Wheeler
260 ## - PUBLICATION, DISTRIBUTION, ETC.
Place of publication, distribution, etc. Melrose :
Name of publisher, distributor, etc. Common Sense Press ,
Date of publication, distribution, etc. 1998
300 ## - PHYSICAL DESCRIPTION
Extent 10 pages :
Other physical details illustrations ;
Dimensions 14 x 22 cm
490 ## - SERIES STATEMENT
Series statement Long vowel reader :
Volume/sequential designation Book 9
505 ## - FORMATTED CONTENTS NOTE
Formatted contents note E<br/>
520 ## - SUMMARY, ETC.
Summary, etc. Duke Has a Tube is an early-reader phonics story focused on long vowel sounds, especially the long “u”. The simple narrative follows Duke as he interacts with a tube and other items that highlight the long “u” pattern (e.g., cube, tune, mule, cute). Using repetitive, decodable text and supportive illustrations, the book helps beginning readers practice recognizing and reading long-vowel patterns while building confidence and fluency.
521 8# - TARGET AUDIENCE NOTE
Target audience note 250<br/>
Source Lexile estimate<br/>
521 8# - TARGET AUDIENCE NOTE
Target audience note E<br/>
Source Raz-Plus<br/>
650 ## - SUBJECT ADDED ENTRY--TOPICAL TERM
Topical term or geographic name entry element Vowel book
Form subdivision Beginner
700 ## - ADDED ENTRY--PERSONAL NAME
Personal name Wheeler, Ron
Relator term Illustrator
942 ## - ADDED ENTRY ELEMENTS (KOHA)
Source of classification or shelving scheme Dewey Decimal Classification
Koha item type Books
Suppress in OPAC No
Holdings
Withdrawn status Lost status Source of classification or shelving scheme Damaged status Not for loan Collection Home library Current library Shelving location Date acquired Total Checkouts Full call number Barcode Date last seen Copy number Price effective from Koha item type
    Dewey Decimal Classification     Juvenile Fiction Footprints International School Library Network Toul Tom Poung Campus Footprints International School Library Network Toul Tom Poung Campus TTP Primary Green Bookshelves 01/21/2026   NIC 428.6 PZ7 FISSE03046 01/21/2026 1 01/21/2026 Books